Memoria en defensa del mensaje que las sociedades obreras de las Casas del Pueblo de Valencia y poblados marítimos elevaron a dicho Congreso, solicitando su valioso voto a favor de un empréstito o crédito extraordinario de 100 millones de pesetas para Cultura y Sanidad / (Registro nro. 94211)

Detalles MARC
000 -LEADER
campo de control de longitud fija 00898nam a2200181 i 4500
001 - NÚMERO DE CONTROL
campo de control 94211
003 - IDENTIFICADOR DE NÚMERO DE CONTROL
campo de control ES-MaACL
005 - FECHA Y HORA DE LA ÚLTIMA TRANSACCIÓN
campo de control 20240511063026.0
007 - CAMPO FIJO DE DESCRIPCIÓN FÍSICA--INFORMACIÓN GENERAL
campo de control de longitud fija t|
008 - DATOS DE LONGITUD FIJA--INFORMACIÓN GENERAL
campo de control de longitud fija 050706s1912 sp ||||1| spa d
100 1# - ENTRADA PRINCIPAL--NOMBRE DE PERSONA
Nombre de persona Moliner y Nicolás, Francisco,
Fechas asociadas al nombre 1851-1915
9 (RLIN) 81984
245 10 - MENCIÓN DEL TÍTULO
Título Memoria en defensa del mensaje que las sociedades obreras de las Casas del Pueblo de Valencia y poblados marítimos elevaron a dicho Congreso, solicitando su valioso voto a favor de un empréstito o crédito extraordinario de 100 millones de pesetas para Cultura y Sanidad /
Mención de responsabilidad, etc. leída por... D. Francisco Moliner en la sesión del 16 de septiembre 1912.
260 ## - PUBLICACIÓN, DISTRIBUCIÓN, ETC.
Lugar de publicación, distribución, etc. Valencia :
Nombre del editor, distribuidor, etc. [s.n.],
Fecha de publicación, distribución, etc. 1912 (
Fabricante Est. Tip. Domenech)
300 ## - DESCRIPCIÓN FÍSICA
Extensión 64 p. ;
Dimensiones 26 cm.
594 ## - Nota al título y mención de responsabilidad
Nota al título y mención de responsabilidad Precede al tít.: Segundo Congreso Internacional Español de la tuberculosis.
852 ## - LOCALIZACIÓN
Ubicación ES-MaACL
Número de control de estantería T-1326-F-10
Existencias
Estatus retirado Estado de pérdida Estado de daño No para préstamo Colección Biblioteca de origen Biblioteca actual Ubicación en estantería Fecha de adquisición Fuente de adquisición Total de préstamos Signatura topográfica completa Código de barras Visto por última vez Precio de reemplazo Tipo de ítem Koha
        Colección de folletos Biblioteca del Ateneo de Madrid Biblioteca del Ateneo de Madrid Depósito folletos 17/01/2008     T-1326-F-10 1098398 23/02/2023 23/02/2023 Folleto